| 000 | 00520nam a2200169Ia 4500 | ||
|---|---|---|---|
| 003 | GCL | ||
| 008 | 140319s9999 xx 000 0 ara d | ||
| 040 |
_aGCL / _cGCL |
||
| 082 | 0 | 4 |
_aم _b438.2 _bان |
| 100 | 1 | _aانور طلبة | |
| 245 | 1 | 0 |
_aنمازج العقود والتصرفات القانونية / _cانور طلبة |
| 260 |
_a[S.N] : _bالمكتب الجامعى الحديث ، _c1992 |
||
| 300 | _a920 ص | ||
| 650 | 0 | 4 | _aالقانون |
| 650 | 0 | 4 | _aقوانين وتشريعات |
| 942 |
_2ddc _cREF |
||
| 999 |
_c59445 _d59445 |
||